Statistics for Fast Typing - A to Z in Alphabetical Order

Click here to take the quiz!

General Stats

  • This quiz has been taken 11,052 times
  • The average score is 23 of 26

Answer Stats

Answer % Correct
a
100%
b
98%
c
97%
d
96%
e
95%
f
94%
g
94%
h
93%
i
93%
j
91%
k
91%
l
90%
m
89%
n
88%
o
87%
p
86%
q
85%
r
84%
s
83%
t
82%
u
81%
v
80%
w
78%
x
75%
y
73%
z
72%

Score Distribution

Percentile by Number Answered

Percent of People with Each Score

Your Score History

You have not taken this quiz